Can you name the Taylor Swift song from the bridge? (hard edition) - Statistics

General Stats
  • This quiz has been taken 61 times
  • The average score is 9 of 13
Answer Stats
Bridge Song % Correct
I'm taking my time, taking my time 'Cause you took everything from me Watching you climb, watching you climb Over people like me The master of spin has a couple side flings Good wives always know She should be mad, should be scathing like me, but No one likes a ___ _____ mad woman
93%
Let me remind you This was what you wanted (Oh, oh, oh-oh-oh) You ended it You were all I wanted (Oh, oh, oh-oh-oh) But not like this Not like this, not like this Oh, all you had to do was All You Had To Do Was Stay
91%
Why'd you have to (Why'd you have to) Make me want you? (Make me want you) Why'd you have to (Why'd you have to) Give me nothin' back? Why'd you have to (Why'd you have to) Make me love you? (Make me love you) I said, "I love you" (I said, "I love you") You say nothin' back Say Don't Go
85%
I'd kiss you as the lights went out Swayin' as the room burned down I'd hold you as the water rushes in If I could dance with you again I'd kiss you as the lights went out Swayin' as the room burned down I'd hold you as the water rushes in If I could dance with you again (Again, yeah) Dancing With Our Hands Tied
76%
Sent me a clear message Taught me some hard lessons I just forget what they were It's all just a blur I Forgot That You Existed
74%
They knew, they knew, they knew the whole time That I was onto somethin' The family, the pure greed, the Christian chorus line They all said nothin' Blood's thick, but nothin' like a payroll Bet they never spared a prayer for my soul You can mark my words that I said it first In a mourning warning, no one heard Cassandra
72%
And I watch you fly around the world And I hope you don't save some other girl Don't forget, don't forget about me I'm far away, but I never let you go I'm love-struck and looking out the window Don't forget, don't forget where I'll be Superman
63%
A brief interruption, a slight malfunction I'd go back to wanting dudes who give nothing I thought we had no chance And that's romance, let's dance Glitch
61%
No more keepin' score Now I just keep you warm (Keep you warm) No more tug of war Now I just know there's more (Know there's more) No more keepin' score Now I just keep you warm (Keep you warm) And my waves meet your shore Ever and evermore long story short
61%
You took the time to memorize me My fears, my hopes and dreams I just like hanging out with you All the time All those times that you didn't leave It's been occurring to me I'd like to hang out with you For my whole life Stay Stay Stay
57%
And when that sky rains fire on you
And you're persona non grata
I'll tell you how I've been there too
And that none of it matters
The Albatross
52%
You never did give a damn thing, honey But I cried, cried for you And I know you wouldn't have told nobody If I died, died for you, died for you Cold as You
48%
Tonight, we’ll stand and get off our knees Fight for what we've worked for all these years And the battle was long, it's the fight of our lives But we'll stand up champions tonight Change
46%
No matching quizzes found
Score Distribution
Percent of People with Each Score
Percentile by Number Answered
Your Score History
You have not taken this quiz